| 000 | 00342nam a2200133Ia 4500 | ||
|---|---|---|---|
| 005 | 20260328104331.0 | ||
| 008 | 260328s9999||||xx |||||||||||||| ||und|| | ||
| 100 | _aBanassat, Marcel | ||
| 245 | 0 |
_aParis : _b aux cent visAges / _cMarcel Banassat |
|
| 260 | _bLes éditiones du pacifique | ||
| 300 | _a68 p. | ||
| 650 | _aDIBUJO | ||
| 942 | _cBK | ||
| 999 |
_c11706 _d11706 |
||